LEADER 01405nam 2200313 450 001 000045161 005 20181024101546.0 100 $a20180921d1971----km-y0itaa50------ba 101 0 $afre 102 $aFR 200 1 $aTheatre complet$fCorneille$g[texte etabli avec introduction, chronologie, note bibliographique, notices, notes et choix de variantes par Georges Couton] 210 $aParis$cGarnier frères$d1971 215 $aLII, 1155 p.$cill.$d19 cm 225 2 $aClassiques Garnier 327 $aVol. 1: [Discours du poeme dramatique. Discours de la tragedie. Discours des trois unites. Melite. Clitandre. La veuve. La galerie du palais. La suivante. La place royale. La comedie des tuileries. Medee. L'illusion. Le cid. Horace. Cinna]. - LII, 1155 p. 410 0$12001$aClassiques Garnier 700 1$aCorneille,$bPierre$f<1606-1684>$0131516 702 1$aCouton,$bGeorges 801 0$aIT$bUniversità della Basilicata - B.I.A.$gREICAT$2unimarc 912 $a000045161 996 $aTh??tre complet$9148448 997 $aUNIBAS BAS $aLETTERE CAT $aMDL$b00$c20180921$lBAS01$h1044 CAT $aMDL$b00$c20180921$lBAS01$h1045 CAT $aMDL$b30$c20181024$lBAS01$h1014 CAT $aMDL$b30$c20181024$lBAS01$h1015 FMT Z30 -1$lBAS01$LBAS01$mBOOK$1BASA1$APolo Storico-Umanistico$2GEN$BCollezione generale$659097$5L59097$820180921$f04$FPrestabile Didattica$hVol. 1 LEADER 00814nam0-2200289 --450 001 9910319060403321 005 20190507091747.0 010 $a978-88-370-9863-6 020 $aIT$b2015-596 100 $a20190507d2014----kmuy0itay5050 ba 101 0 $aita 102 $aIT 105 $a 001yy 200 1 $aVaticano$fintroduzione di Ross King$gtesti delle schede di Anja Grebe 210 $aMilano$cElecta$d2014 215 $aVIII, 525 p. di cui 3 ripiegate$cill.$d29 cm 300 $aIn custodia 610 0 $aArte$aCittà del Vaticano 676 $a709.45634$v23$zita 700 1$aGrebe,$bAnja$0764203 801 0$aIT$bUNINA$gREICAT$2UNIMARC 901 $aBK 912 $a9910319060403321 952 $aXXI Varie 558$b1674/17$fFSPBC 959 $aFSPBC 996 $aVaticano$91551357 997 $aUNINA LEADER 05275nam 2200769 a 450 001 9910462086703321 005 20200520144314.0 010 $a9786613709639 010 $a1-280-79924-2 010 $a94-6091-774-7 024 7 $a10.1007/978-94-6091-774-5 035 $a(CKB)2670000000274257 035 $a(EBL)3034697 035 $a(SSID)ssj0000878492 035 $a(PQKBManifestationID)11532158 035 $a(PQKBTitleCode)TC0000878492 035 $a(PQKBWorkID)10836374 035 $a(PQKB)11486267 035 $a(DE-He213)978-94-6091-774-5 035 $a(MiAaPQ)EBC3034697 035 $a(OCoLC)783529015 035 $a(nllekb)BRILL9789460917745 035 $a(MiAaPQ)EBC974147 035 $a(PPN)168342553 035 $a(Au-PeEL)EBL3034697 035 $a(CaPaEBR)ebr10546416 035 $a(CaONFJC)MIL370963 035 $a(Au-PeEL)EBL974147 035 $a(OCoLC)811502100 035 $a(EXLCZ)992670000000274257 100 $a20120411d2012 uy d 101 0 $aeng 135 $aur|n|---||||| 181 $ctxt 182 $cc 183 $acr 200 10$aAthabasca's going unmanned$b[electronic resource] $ean ethnodrama about incarcerated youth /$fby Diane Conrad 205 $a1st ed. 2012. 210 $aRotterdam ;$aBoston $cSense Publishers$d2012 215 $a1 online resource (194 p.) 225 1 $aSocial fictions series ;$vv. 2 300 $aDescription based upon print version of record. 311 $a94-6091-773-9 311 $a94-6091-772-0 327 $aPreliminary Material -- Prologue -- Scene 1 - The Escape -- Scene 2 - New Program Director -- Scene 3 - Val Meets the Boys -- Scene 4 - Val & Randy -- Scene 5 - Dreamcatchers -- Scene 6 - The Crash -- Scene 7 - Stan?s Comic -- Scene 8 - Jim?s Warning -- Scene 9 - Escape Plot Inception -- Scene 10 - Randy?s Roommate -- Scene 11 - Alternatives -- Scene 12 - The Betrayal -- Scene 13 - Amy?s Release -- Scene 14 - Commodifying Culture -- Scene 15 - Randy?s Gift -- Scene 16 - Eileen?s Teachings -- Scene 17 - Performing Escape -- Scene 18 - Wesley?s Madness -- Scene 19 - The Take-Down -- Scene 20 - Val?s Cut -- Scene 21 - Randy?s Birthday -- Scene 22 - Jim?s Reprimand -- Scene 23 - The Rejection -- Scene 24 - Get-Away Car -- Scene 25 - Randy?s Dream -- Scene 26 - Building Trust -- Scene 27 - Denial -- Scene 28 - The Scandal -- Scene 29 - Jim?s Accusation -- Scene 30 - The Right Thing (Performing Escape VI - Escaping the Escape Plan) -- Scene 31 - Indian Rebellion (Performing Escape V - Escaping Colonialism) -- Scene 32 - Randy?s Request -- Epilogue. 330 $aAthabasca?s Going Unmanned is set in a youth offender jail in Alberta, Canada and tells the story of three incarcerated youth and the corrections staff who work with them. The story centres on an escape plot hatched by the inmates and ultimately examines the needs of incarcerated youth and the prospects for offering them programming with transformative potential. Based on extensive research with ?at-risk? youth and incarcerated youth, the play addresses a range of real-world issues with sociological, criminal justice, policy and educational implications. Moreover, issues of race and ethnicity feature prominently. The play raises many challenging issues at the level of fantasy and imagination in order to draw attention to and elicit discussion around these controversial issues. As a means of disseminating the research, ethnodrama aims to engage a more diverse audience and engender empathic understandings of the experiences of incarcerated youth leading to more constructive attitudes regarding their needs, with the potential for radically re-envisioning social relations. The book is an ideal supplemental text for courses in education, sociology, criminology/ criminal justice, theatre arts and arts-based research. The fictionalized format invites readers to engage with complex questions without relying on an ?authoritative? text that closes off meaning-making. Rather, readers are invited into the meaning-making process as they engage with the play and its alternative endings. Diane Conrad is Associate Professor of Drama/Theatre Education in the Department of Secondary Education at the University of Alberta. The research upon which the play is based, in 2006, was awarded the Social Sciences and Humanities Research Council of Canada Aurora Prize recognizing a new researcher building a reputation for exciting and original research in the social sciences or humanities. 410 0$aSocial fictions series ;$vv. 2. 606 $aJuvenile delinquency$zAlberta$vDrama 606 $aSocial problems$vDrama 606 $aCanadian drama$y21st century 606 $aEthnology$xResearch$vDrama 606 $aSocial sciences$xResearch$vDrama 608 $aElectronic books. 615 0$aJuvenile delinquency 615 0$aSocial problems 615 0$aCanadian drama 615 0$aEthnology$xResearch 615 0$aSocial sciences$xResearch 676 $a370 700 $aConrad$b Diane$01041593 801 0$bMiAaPQ 801 1$bMiAaPQ 801 2$bMiAaPQ 906 $aBOOK 912 $a9910462086703321 996 $aAthabasca's going unmanned$92465237 997 $aUNINA LEADER 01452nam a2200277 i 4500 001 991000299569707536 005 20241015092019.0 008 000505s1967 it er 001 d ita d 035 $ab10681279-39ule_inst 035 $aEXGIL143152$9ExL 040 $aBibl. Interfacoltà T. Pellegrino$bita$dSocioculturale Scs 041 1 $aita$hfre 082 04$a842.91$223 100 1 $aAdamov, Arthur$0307489 240 13$aLa Parodie; L'invasion; La grande et la petite manoeuvre; Le professeur Taranne; Les retrouvailles.; Tous contre tous; Le ping-pong; Paolo Paoli; Le printemps '71; La politique des restes 245 10$aTeatro /$cArthur Adamov ; a cura di Gian Renzo Morteo 260 $aTorino :$bEinaudi,$c1967 300 $a586 p. ;$c22 cm 500 $aContiene: La Parodia, L'invasione, La grande e la piccola manovra, Il professor Taranne, Intimità, Tutti contro tutti, Il ping-pong, Paolo Paoli, La primavera '71, La politica degli avanzi 700 1 $aMorteo, Gian Renzo 907 $a.b10681279$b20-04-18$c28-06-02 912 $a991000299569707536 945 $aLE002 Fr. IV G 3$g1$i2002000955845$lle002$o-$pE0.00$q-$rl$s-$t0$u3$v0$w3$x0$y.i10774750$z28-06-02 996 $aParodie; L'invasion; La grande et la petite manoeuvre; Le professeur Taranne; Les retrouvailles.; Tous contre tous; Le ping-pong; Paolo Paoli; Le printemps '71; La politique des restes$94215614 997 $aUNISALENTO 998 $ale002$b01-01-00$cm$da$e-$fita$git$h0$i1